The geometry of physics : (Record no. 28909)

000 -LEADER
fixed length control field 00571 a2200169 4500
020 ## - INTERNATIONAL STANDARD BOOK NUMBER
International Standard Book Number 0521539277
020 ## - INTERNATIONAL STANDARD BOOK NUMBER
International Standard Book Number 9780521539272
082 04 - DEWEY DECIMAL CLASSIFICATION NUMBER
Classification number 530.15636
090 ## - LOCALLY ASSIGNED LC-TYPE CALL NUMBER (OCLC); LOCAL CALL NUMBER (RLIN)
-- 274
-- 274
100 1# - MAIN ENTRY--PERSONAL NAME
Personal name Frankel, Theodore.
245 14 - TITLE STATEMENT
Title The geometry of physics :
Remainder of title an introduction /
Statement of responsibility, etc. Theodore Frankel.
250 ## - EDITION STATEMENT
Edition statement 2nd ed.
260 ## - PUBLICATION, DISTRIBUTION, ETC.
Place of publication, distribution, etc. [S.l.] :
Name of publisher, distributor, etc. Cambridge University Press,
Date of publication, distribution, etc. 2003.
300 ## - PHYSICAL DESCRIPTION
Extent 722 p. ;
Dimensions 26 cm.
942 ## - ADDED ENTRY ELEMENTS (KOHA)
Institution code [OBSOLETE] SNS
Koha item type Book
Call number prefix 530.15636 FRA
Holdings
Withdrawn status Lost status Damaged status Not for loan Permanent Location Current Location Date acquired Total Checkouts Total Renewals Full call number Barcode Date last seen Date last checked out Price effective from Koha item type
        School of Natural Sciences (SNS) School of Natural Sciences (SNS) 05/26/2016 4 1 530.15636 FRA SNS0000181 02/27/2024 10/20/2023 05/26/2016 Book
© 2023 Central Library, National University of Sciences and Technology. All Rights Reserved.